Sports Quiz

Random Sports Quiz

Ireland players capped by Trapattoni Quiz Stats

 Plays Quiz not verified by Sporcle

Score 0/58 Timer 05:00
0 Plays Today
Years Capped % Correct
2008-2012Shay Given
93.5%
2008-Robbie Keane
92.3%
2008-Richard Dunne
83.3%
2008-Aiden McGeady
81.5%
2008-Glenn Whelan
81%
2008-Shane Long
81%
2008-2012Damien Duff
79.8%
2008-Kevin Doyle
77.4%
2008-John O'Shea
76.8%
2008-Keith Andrews
76.8%
76.2%
2009-Keiren Westwood
73.8%
2010-Jon Walters
72.6%
2011-David Forde
72%
2011-Seamus Coleman
70.8%
2010-James McCarthy
69.6%
2010-Paul Green
67.3%
2012-James McClean
64.3%
2011-Stephen Ward
64.3%
2008-2009Noel Hunt
63.1%
2008-2012Stephen Hunt
63.1%
2008-Stephen Kelly
60.1%
2011-Simon Cox
59.5%
2008-2008Steven Reid
59.5%
2008-Wes Hoolahan
58.9%
2008-2011Kevin Kilbane
56.5%
2008-2012Darron Gibson
56%
2008-Andy Keogh
55.4%
2013-Richard Keogh
53.6%
Years Capped % Correct
2012-Darren Randolph
52.4%
2009-Sean St Ledger
52.4%
2012-Robbie Brady
50%
2011-Marc Wilson
49.4%
2013-Conor Sammon
48.8%
2011-Ciaran Clark
45.2%
2009-Darren O'Dea
44%
2008-2008Daryl Murphy
43.5%
2009-2011Liam Lawrence
43.5%
2010-2010Joe Murphy
42.9%
2008-2009Caleb Folan
42.3%
2013-Jeff Hendrick
42.3%
2009-2012Kevin Foley
40.5%
2009-2009Leon Best
38.1%
2010-Greg Cunningham
37.5%
2010-Keith Fahey
32.7%
2008-2008Steve Finnan
32.1%
2011-2011Anthony Stokes
30.4%
2008-2011Damien Delaney
28%
2008-2009Liam Miller
26.2%
2012-Alex Pearce
25%
2012-Joey O'Brien
25%
2012-David Meyler
23.8%
2008-2008Dean Kiely
23.8%
2009-2009Martin Rowlands
20.2%
2008-2008Alex Bruce
18.5%
2009-2009Eddie Nolan
14.3%
2010-2010Cillian Sheridan
12.5%
2010-2011Keith Treacy
11.9%

You're not logged in!

Compare scores with friends on all Sporcle quizzes.
OR
Log In

Show Comments

Extras

Created Mar 31, 2013ReportNominate
Tags:ireland, Ireland Soccer

Top Quizzes Today


Score Distribution

Your Account Isn't Verified!

In order to create a playlist on Sporcle, you need to verify the email address you used during registration. Go to your Sporcle Settings to finish the process.

Report this User

Report this user for behavior that violates our Community Guidelines.

Details: